000 00485nam a2200181Ia 4500
005 20250508151529.0
008 008 250505s9999 xx 000 0 eng d
037 _aTextual
040 _aFEDL
_beng
_cFEDL
041 _aeng
_2eng
084 _a821.91, STR
_qFEDL
100 _aStron L A G
_9759437
245 0 _aJohn masefield
260 _aLondon, UK
_bLongmans, Green and Co.
_c1952
300 _a47p
942 _cTEXL
_h821.91, STR
999 _c1330389
_d1330389